000 00314nam a22001457a 4500
008 230531b ||||| |||| 00| 0 eng d
020 _a0205380271
041 _aeng
080 _a159.9
082 _a159.9MUR
100 _a25
101 _aPSI
245 _aEDUCATIONAL PSYCHOLOGY
_cMURPHY D
942 _2udc
_cBK
999 _c59882
_d59882